The Books Sānk and Pātanğal: A Socio-cultural History of al-Bīrūnī’s Interpretations of Sāṅkhya and Yoga
"Al-Biruni (ca. 973--1050) was an impressive and innovative encyclopaedist thinker. He is particularly known to have investigated into India of his time. Yet, his life and the circumstances of his encounter with Indian languages, culture and sciences are still shrouded in mystery and legends. T...
MARC
| LEADER | 00000cam a22000002c 4500 | ||
|---|---|---|---|
| 001 | 1885767560 | ||
| 003 | DE-627 | ||
| 005 | 20251226214959.0 | ||
| 007 | cr uuu---uuuuu | ||
| 008 | 240415s2024 xx |||||o 00| ||und c | ||
| 020 | |a 9789004680302 |9 978-90-04-68030-2 | ||
| 020 | |a 9789004548534 |9 978-90-04-54853-4 | ||
| 024 | 7 | |a 20.500.12854/134671 |2 hdl | |
| 035 | |a (DE-627)1885767560 | ||
| 035 | |a (DE-599)KEP102428204 | ||
| 035 | |a (OCoLC)1429892382 | ||
| 035 | |a (DOAB)134671 | ||
| 035 | |a (DE-627-1)102428204 | ||
| 040 | |a DE-627 |b ger |c DE-627 |e rda | ||
| 041 | |a und | ||
| 050 | 0 | |a Q143.B5 | |
| 082 | 0 | |a 500 |q DLC |2 23/eng/20231026 | |
| 084 | |a 0 |2 ssgn | ||
| 100 | 1 | |a Verdon, Noémie |e VerfasserIn |4 aut | |
| 245 | 1 | 0 | |a The Books Sānk and Pātanğal |b A Socio-cultural History of al-Bīrūnī’s Interpretations of Sāṅkhya and Yoga |
| 264 | 1 | |a [Erscheinungsort nicht ermittelbar] |b Brill |c 2024 | |
| 300 | |a 1 Online-Ressource | ||
| 336 | |a Text |b txt |2 rdacontent | ||
| 337 | |a Computermedien |b c |2 rdamedia | ||
| 338 | |a Online-Ressource |b cr |2 rdacarrier | ||
| 506 | 0 | |a Open Access |f Unrestricted online access |2 star | |
| 520 | |a "Al-Biruni (ca. 973--1050) was an impressive and innovative encyclopaedist thinker. He is particularly known to have investigated into India of his time. Yet, his life and the circumstances of his encounter with Indian languages, culture and sciences are still shrouded in mystery and legends. This research brings to light elements of his intellectual journey based on well-grounded analysis so as to contextualise al-Biruni's work of transmission of Indian philosophies into Arabic. Thanks to a theoretical framework rooted in a multidisciplinary approach, including Translation Studies, it enables to comprehend the full scope of his work and to analyse deeply his motives and choices of interpretation"-- | ||
| 540 | |a Namensnennung - Nicht-kommerziell 4.0 International |f CC BY-NC 4.0 |2 cc |u https://creativecommons.org/licenses/by-nc/4.0/ | ||
| 546 | |a English | ||
| 600 | 1 | 0 | |a Bīrūnī, Muḥammad ibn Aḥmad |d 973?-1048 |x Criticism and interpretation |2 DLC |
| 600 | 1 | 0 | |a Bīrūnī, Muḥammad ibn Aḥmad |d 973?-1048 |t Kitāb Bātanjal al-Hindī fī al-khalāṣ min al-irtibāk |2 DLC |
| 600 | 1 | 0 | |a Bīrūnī, Muḥammad ibn Aḥmad |d 973?-1048 |t Tārīkh al-Hind |2 DLC |
| 650 | 0 | |a Sanskrit literature |x Translations into Arabic |2 DLC | |
| 651 | 0 | |a Islamic Empire |x Relations |z India |2 DLC | |
| 651 | 0 | |a India |x Relations |z Islamic Empire |2 DLC | |
| 653 | |a early Ghaznavids | ||
| 653 | |a early translation processes | ||
| 653 | |a history of Gandhara and Panjab | ||
| 653 | |a India Islam | ||
| 653 | |a Indian philosophy | ||
| 653 | |a interactions India-Islam | ||
| 653 | |a Kitab al-Hind | ||
| 653 | |a thema EDItEUR::Q Philosophy and Religion::QR Religion and beliefs::QRP Islam | ||
| 653 | |a thema EDItEUR::Q Philosophy and Religion::QD Philosophy::QDH Philosophical traditions and schools of thought | ||
| 653 | |a thema EDItEUR::1 Place qualifiers::1F Asia::1FK South Asia (Indian sub-continent)::1FKA India | ||
| 856 | 4 | 0 | |u https://directory.doabooks.org/handle/20.500.12854/134671 |m X:DOAB |x Verlag |z kostenfrei |7 0 |
| 912 | |a ZDB-94-OAB | ||
| 951 | |a BO | ||
| ELC | |a 1 | ||
| OAS | |a 1 | ||
| ORI | |a SA-MARC-ixtheo_oa001.raw | ||
| REF | |a Literaturinterpretation | ||
| REL | |a 1 | ||
| SUB | |a REL | ||



